000 00267nam a22001217a 4500
008 181205b xxu||||| |||| 00| 0 eng d
041 _aeng
080 _a701
100 _a44
101 _aART
245 _aThe World of Marc Chagall
_cBidermanas,I
942 _2udc
_cBK
999 _c52832
_d52832